000 01127nam a22004210a 4500
001 PT41793
003 AR-LpoUNG
005 20260115154319.0
008 201001s2010||||ag |||||||||||||||||spa d
020 _a9789875744363
_c$7.50
040 _aAR-LpoUNG
_bspa
_eaacr
041 _aspa
044 _aag
082 0 _a907.2 416his
100 1 _aLvovich, Daniel
_eed.
245 1 0 _aHistoria, ¿para qué? :
_brevisitas de una vieja pregunta
250 _a1ra. ed.
260 _aBuenos Aires :
_bUniversidad Nacional de General Sarmiento - Prometeo,
_c2010.
300 _a246 p. :
_btbls., gráfs.
490 0 _aHumanidades
650 4 _aANALISIS HISTORICO
650 4 _aARGENTINA
650 4 _aDEMOCRACIA
650 4 _aDERECHOS HUMANOS
650 4 _aHISTORIA
650 4 _aHISTORIA SOCIAL
650 4 _aINTELECTUALES
650 4 _aINVESTIGACION
650 4 _aPARTICIPACION SOCIAL
650 4 _aREVOLUCION
650 4 _aTRABAJO
650 4 _aHISTORIOGRAFIA
653 0 _aHISTORIADORES
653 0 _aMEMORIA COLECTIVA
700 1 _aCernadas, Jorge
_eed.
905 _a41793
942 _cLIB
_2ddc
999 _c50872
_d50872